[Event "Kochan Memorial op 25th"]
[Site "Koszalin"]
[Date "2014.08.14"]
[Round "4"]
[White "Smal, Tobiasz"]
[Black "Kupiak, Sylwester"]
[Result "1-0"]
[WhiteElo "1888"]
[BlackElo "1620"]
[PlyCount "113"]
[EventDate "2014.08.10"]
[EventType "swiss"]
[EventRounds "9"]
[EventCountry "POL"]
[SourceTitle "CBM 161 Extra"]
[Source "ChessBase"]
[SourceDate "2014.08.29"]
[SourceVersion "1"]
[SourceVersionDate "2014.08.29"]
[SourceQuality "1"]

1. e4 d5 2. exd5 Nf6 3. d4 Nxd5 4. c4 Nf6 5. Nc3 e6 6. Nf3 Be7 7. Bd3 0-0 8. 0-0 c5 9. dxc5 Bxc5 10. Bg5 Nbd7 11. Qc2 h6 12. Bh4 a6 13. Rad1 Qc7 14. Bg3 Qc6 15. a3 Kh8 16. b4 Bd6 17. Nd4 Qc7 18. Ndb5 axb5 19. Nxb5 Qc6 20. Bxd6 Rg8 21. Rfe1 b6 22. Be4 Nxe4 23. Qxe4 Bb7 24. Qxc6 Bxc6 25. Nd4 Ba4 26. Rd3 Rgc8 27. Rc1 b5 28. Rdc3 Rxc4 29. Rxc4 bxc4 30. Rxc4 Nb6 31. Rc1 Be8 32. Rc3 Na4 33. Rg3 Rd8 34. Bf8 g6 35. Be7 Rd5 36. Bf6+ Kh7 37. h3 Nb2 38. Rc3 g5 39. Nf3 Kg6 40. Bd4 f6 41. Rc8 Bd7 42. Rf8 Nc4 43. Rxf6+ Kh7 44. a4 e5 45. Bxe5 Bxa4 46. Bd4 Bd1 47. Bc5 Kg7 48. Rc6 Bxf3 49. gxf3 Ne5 50. Rc7+ Kg6 51. Kg2 Rd3 52. Be3 Rb3 53. Rb7 Nc4 54. Bd4 Nd2 55. Rb6+ Kh5 56. Bg7 g4 57. hxg4+ 1-0

[Event "Kochan Memorial op 24th"]
[Site "Koszalin"]
[Date "2013.08.11"]
[Round "3"]
[White "Bilczewska, Olga"]
[Black "Kupiak, Sylwester"]
[Result "0-1"]
[WhiteElo "1223"]
[BlackElo "1662"]
[PlyCount "100"]
[EventDate "2013.08.10"]
[EventType "swiss"]
[EventRounds "9"]
[EventCountry "POL"]
[SourceTitle "CBM 155 Extra"]
[Source "ChessBase"]
[SourceDate "2013.08.26"]
[SourceVersion "1"]
[SourceVersionDate "2013.08.26"]
[SourceQuality "1"]

1. e4 d5 2. exd5 Qxd5 3. Nc3 Qa5 4. d4 Nf6 5. Nf3 Ne4 6. Bd2 Nxd2 7. Qxd2 e6 8. a3 Bb4 9. Be2 Bxc3 10. bxc3 0-0 11. 0-0 Nd7 12. Rfb1 c6 13. Rb3 Nf6 14. Rab1 Rd8 15. Qe3 Nd5 16. Qd3 Qc7 17. Ng5 Nf6 18. Qh3 h6 19. Nf3 Qe7 20. Qg3 Ne4 21. Qf4 f5 22. Ne5 g5 23. Qc1 Nf6 24. h4 Qg7 25. h5 Nd7 26. Ng6 Nb6 27. f4 g4 28. Qe1 Bd7 29. Ne5 Be8 30. Qh4 Rab8 31. Rd1 Nd5 32. c4 Nxf4 33. Bf1 Nxh5 34. Re3 Qf6 35. Qf2 Bf7 36. Nxf7 Kxf7 37. c3 Re8 38. Rde1 Re7 39. a4 Rbe8 40. c5 Kg7 41. Qb2 f4 42. Re4 Ng3 43. Re5 h5 44. Bc4 Nf5 45. R1e4 Ne3 46. Ba2 Nd5 47. Rxh5 Rh8 48. Rhe5 g3 49. Qe2 Rh1+ 50. Kxh1 Qh4+ 0-1

[Event "Kolobrzeg op 12th"]
[Site "Kolobrzeg"]
[Date "2011.08.22"]
[Round "7"]
[White "Kolinski, Daniel"]
[Black "Kupiak, Sylwester"]
[Result "0-1"]
[WhiteElo "1770"]
[BlackElo "1629"]
[PlyCount "60"]
[EventDate "2011.08.16"]
[EventType "swiss"]
[EventRounds "9"]
[EventCountry "POL"]
[SourceTitle "CBM 144 Extra"]
[Source "ChessBase"]
[SourceDate "2011.10.28"]
[SourceVersion "1"]
[SourceVersionDate "2011.10.28"]
[SourceQuality "1"]

1. e4 e6 2. d4 d5 3. Nd2 dxe4 4. Nxe4 Nd7 5. Nf3 h6 6. Be3 Ngf6 7. Ng3 Be7 8. Bd3 c5 9. c3 a6 10. Qc2 b5 11. Ne5 Bb7 12. f4 Nd5 13. Bc1 cxd4 14. cxd4 Nxe5 15. fxe5 Nb4 16. Qd2 Qxd4 17. Bxb5+ axb5 18. Qxd4 Nc2+ 19. Kf2 Nxd4 20. Bd2 Bc5 21. Be3 0-0 22. Rhd1 Rfd8 23. Rac1 Bb6 24. a3 Rac8 25. Rxc8 Bxc8 26. Ne4 Nc6 27. Rxd8+ Bxd8 28. Nd6 Ba6 29. Bf4 Bb6+ 30. Ke1 Bd4 0-1

[Event "Kolobrzeg op 12th"]
[Site "Kolobrzeg"]
[Date "2011.08.20"]
[Round "5"]
[White "Bukowska, Katarzyna"]
[Black "Kupiak, Sylwester"]
[Result "1-0"]
[WhiteElo "2005"]
[BlackElo "1629"]
[PlyCount "123"]
[EventDate "2011.08.16"]
[EventType "swiss"]
[EventRounds "9"]
[EventCountry "POL"]
[SourceTitle "CBM 144 Extra"]
[Source "ChessBase"]
[SourceDate "2011.10.28"]
[SourceVersion "1"]
[SourceVersionDate "2011.10.28"]
[SourceQuality "1"]

1. e4 e6 2. d4 d5 3. Nd2 dxe4 4. Nxe4 Nd7 5. Nf3 Ngf6 6. Bd3 Be7 7. 0-0 Nxe4 8. Bxe4 Nf6 9. Bd3 0-0 10. Qe2 h6 11. Re1 c5 12. dxc5 Bxc5 13. h3 b6 14. Bf4 Bd6 15. Bxd6 Qxd6 16. Rad1 Qc7 17. Ne5 Bb7 18. Ng4 Qf4 19. Nxf6+ Qxf6 20. Qg4 Rfd8 21. c3 Rd5 22. Be4 Rg5 23. Qe2 Bxe4 24. Qxe4 Rd8 25. Rxd8+ Qxd8 26. c4 Qd2 27. Qe2 Qxe2 28. Rxe2 Rc5 29. b3 Kf8 30. Rd2 Ke7 31. Kf1 a5 32. Ke2 a4 33. Kd3 axb3 34. axb3 f6 35. Kc3 g6 36. Kb4 f5 37. Ra2 Re5 38. Ra6 Re2 39. Rxb6 Rxf2 40. c5 Rxg2 41. Rb7+ Kf6 42. c6 Rc2 43. Kb5 f4 44. Rb8 Ke7 45. Rb7+ Kf6 46. Kb6 e5 47. c7 f3 48. Rb8 Kf7 49. Rb7 Ke6 50. Rb8 e4 51. Rf8 Ke5 52. b4 Kd4 53. b5 Ke3 54. Kb7 Ke2 55. c8Q Rxc8 56. Kxc8 Kf2 57. b6 e3 58. b7 e2 59. b8Q Kg2 60. Qe5 Kf2 61. Qd4+ Kg2 62. Qe3 1-0

[Event "Perla Baltyku op-B 3rd"]
[Site "Mielno"]
[Date "2007.06.21"]
[Round "5"]
[White "Przerwa, Waldemar"]
[Black "Kupiak, Sylwester"]
[Result "1-0"]
[WhiteElo "1893"]
[BlackElo "1502"]
[PlyCount "117"]
[EventDate "2007.06.18"]
[EventType "swiss"]
[EventRounds "9"]
[EventCountry "POL"]
[SourceTitle "EXT 2008"]
[Source "ChessBase"]
[SourceDate "2007.11.25"]
[SourceVersion "1"]
[SourceVersionDate "2007.11.25"]
[SourceQuality "1"]

1. g3 d5 2. Nf3 Bg4 3. Bg2 Bxf3 4. Bxf3 c6 5. d4 Nd7 6. 0-0 e5 7. dxe5 Nxe5 8. Bg2 Bd6 9. Nc3 Nf6 10. Bg5 h6 11. Bxf6 Qxf6 12. Kh1 Bb4 13. Qd4 Bxc3 14. Qxc3 Ng4 15. Qb4 Ne5 16. Qxb7 0-0 17. Qa6 Rfb8 18. b3 Nd7 19. c4 Rb6 20. Qa4 Nc5 21. Qa3 Ne4 22. Bxe4 dxe4 23. Rad1 Rb7 24. Qd6 Qb2 25. Rd2 Qc3 26. Qd4 Qxd4 27. Rxd4 f5 28. Rfd1 Rc7 29. Rd7 Rac8 30. c5 Kf8 31. R1d6 Ke8 32. Rxc7 Rxc7 33. Kg2 Ke7 34. f4 Rd7 35. Rxc6 Rd2 36. Kf2 Rxa2 37. Rc7+ Kf6 38. Rb7 Rc2 39. b4 a5 40. bxa5 Rxc5 41. a6 Ra5 42. Rb6+ Kf7 43. Rb7+ Kf6 44. a7 Ra3 45. Ke1 g5 46. Kd1 gxf4 47. gxf4 Ke6 48. Kc2 Kd5 49. Kb2 Ra6 50. Kc3 Kc6 51. Rf7 Kd5 52. Rxf5+ Ke6 53. Rh5 Rxa7 54. Rxh6+ Kf5 55. e3 Ra3+ 56. Kd2 Ra2+ 57. Ke1 Kg4 58. Rg6+ Kf3 59. Rg3# 1-0